Optimalizácia pohybu materiálu v priemyselných skladoch

Salvato in:
Dettagli Bibliografici
Autore principale: Žemla, Filip (Autore)
Altri autori: Cigánek, Ján (Relatore della tesi)
Natura: Manoscritto Libro
Lingua:slovacco
Pubblicazione: Bratislava : STU v Bratislave, FEI 2020
Soggetti:
Accesso online:http://opac.crzp.sk/?fn=detailBiblioForm&sid=23A5A917B76C11E744A4ED80CF65&seo=CRZP-detail-kniha
Tags: Aggiungi Tag
Nessun Tag, puoi essere il primo ad aggiungerne!!

MARC

LEADER 00000ntm a22000003a 4500
001 stuzp73956
003 SK-STU
005 20200710115401.7
007 ta
008 150427s2015----xo-----f-mn---000-0-slo-d
040 |a STU  |b slo 
041 0 |a slo 
044 |a xo 
100 1 |a Žemla, Filip  |u 030400  |4 aut  |U FEI Fakulta elektrotechniky a informatiky  |T FEI Ústav automobilovej mechatroniky  |X 79950  |U E400  |Y 642  |7 79950 
242 0 1 |a Optimization of material flow in industrial warehouses  |y eng 
245 1 0 |a Optimalizácia pohybu materiálu v priemyselných skladoch 
260 |c 2020  |a Bratislava :  |b STU v Bratislave, FEI 
300 |a 59 s. 
650 4 |a SCADA systémy  |2 slo 
650 4 |a optimalizácia  |2 slo 
650 4 |a pohyb materiálu  |2 slo 
650 4 |a dynamické programovanie  |2 slo 
650 4 |a SCADA systems  |2 eng 
650 4 |a material movement  |2 eng 
650 4 |a optimalization  |2 eng 
650 4 |a dynamic programming  |2 eng 
700 1 |a Cigánek, Ján  |u 030400  |k Z1  |4 ths  |U FEI Fakulta elektrotechniky a informatiky  |T FEI Ústav automobilovej mechatroniky  |X 10327  |U E400  |Y 642  |7 10327 
856 4 |u http://opac.crzp.sk/?fn=detailBiblioForm&sid=23A5A917B76C11E744A4ED80CF65&seo=CRZP-detail-kniha